Evaluación del módulo de resiliencia de un suelo de subrasante
Sábháilte in:
| Príomhchruthaitheoir: | |
|---|---|
| Formáid: | LEABHAR |
| Foilsithe / Cruthaithe: |
[San José, Costa Rica]
2007
|
| Ábhair: | |
| Clibeanna: |
Cuir clib leis
Níl clibeanna ann, Bí ar an gcéad duine le clib a chur leis an taifead seo!
|
MARC
| LEADER | 00000nam a2200000Ia 4500 | ||
|---|---|---|---|
| 003 | 009906 | ||
| 005 | 20221231144109.0 | ||
| 008 | 140114s2007 cr a 000 ||s d | ||
| 040 | |c cru CEDI | ||
| 090 | |a TFG 5434 | ||
| 100 | |a Carranza Corrales, Fabricio |9 4906 | ||
| 245 | |a Evaluación del módulo de resiliencia de un suelo de subrasante | ||
| 260 | |c 2007 |b [San José, Costa Rica] | ||
| 300 | |a xiii, 222, [24] hojas; ilustraciones a color, mapas color; + 1 disco óptico de computadora (4 3/4 plg.) | ||
| 500 | |a Proyecto de graduación (licenciatura en ingeniería civil)--Universidad de Costa Rica. Facultad de Ingeniería. Escuela de Ingeniería Civil | ||
| 650 | |x MECANICA DE SUELOS |x CIMENTACIONES |x INSPECCION DE LOS SUELOS |x SUELOS ARCILLOSOS |x PAVIMENTOS |9 4907 | ||
| 942 | |c TFG | ||
| 999 | |c 16841 |d 16841 | ||
